Normal view
MARC view
- Alayon, Mary Louis C.
Entry Personal Name
001 - CONTROL NUMBER
- control field: 19309
003 - CONTROL NUMBER IDENTIFIER
- control field: OSt
005 - DATE AND TIME OF LATEST TRANSACTION
- control field: 20170309155601.0
008 - FIXED-LENGTH DATA ELEMENTS
- fixed length control field: 170309|| aca||aabn | a|a d
040 ## - CATALOGING SOURCE
- Original cataloging agency: OSt
100 ## - HEADING--PERSONAL NAME
- Personal name: Alayon, Mary Louis C.
